000 01079nam a2200277 i 4500
003 DO-SdBNP
005 20240316073906.0
007 ta
008 220422b2023 dr ||||| |||| 00| 0 spa d
020 _a9789945643756
040 _aDO-SdBNP
_bspa
_cBNPHU
_erda
082 4 _222
100 1 _aVeloz Maggiolo, Marcio,
_d1936-2021
_eautor
_91104
245 1 0 _aDerecho constitucional del trabajo :
_buna visión iberoamericana /
_cOscar Hernández Álvarez ; prólogo, Rafael Alburquerque De Castro ; cuidado de edición, Katherine Estévez
264 _aSanto Domingo :
_bTribunal Constitucional de la República Dominicana,
_c2023.
300 _a693 páginas ;
_c23 cm.
336 _2rdacontent
_atexto
_btxt
337 _2rdamedia
_asin mediación
_bn
338 _2rdacarrier
_avolumen
_bnc
500 _aIncluye referencias bibliográficas y notas al pie de las páginas
590 _aInventariado, 2023/BT
700 1 _aAlburquerque De Castro, Rafael,
_eprólogo
_984682
700 1 _aEstévez, Katerine,
_ecuidado de edición
_984683
910 _aBtavárez
942 _2ddc
_cLBS1
999 _c51565
_d51565